[Event "DEM U10w 2023"]
[Site "Willingen GER"]
[Date "2023.05.29"]
[Round "4"]
[White "Döscher, Nayla"]
[Black "Rhein, Linnea"]
[Result "1/2-1/2"]
[Termination "normal"]
[Board "16"]
[WhiteElo "1111"]
[BlackElo "849"]
[WhiteClock "00:19:26"]
[BlackClock "00:26:51"]
[PlyCount "102"]
[WhiteFideId "34625046"]
[BlackFideId "34649018"]
[EventCountry "GER"]
[EventRounds "11"]
[EventType "swiss"]
[EventDate "2023.05.27"]

1. e4 {[%clk 01:15:58]} {[%emt 00:00:01]} e5 {[%clk 01:15:52]} {[%emt
00:00:08]} 2. Nc3 {[%clk 01:16:21]} {[%emt 00:00:07]} Nf6 {[%clk 01:16:12]}
{[%emt 00:00:11]} 3. Nf3 {[%clk 01:16:44]} {[%emt 00:00:07]} Bb4 {[%clk
01:16:21]} {[%emt 00:00:21]} 4. d3 {[%clk 01:15:42]} {[%emt 00:01:32]} d5
{[%clk 01:15:43]} {[%emt 00:01:07]} 5. Bd2 {[%clk 01:11:09]} {[%emt 00:05:03]}
Bxc3 {[%clk 01:13:35]} {[%emt 00:02:39]} 6. Bxc3 {[%clk 01:11:07]} {[%emt
00:00:32]} dxe4 {[%clk 01:13:29]} {[%emt 00:00:35]} 7. dxe4 {[%clk 01:11:15]}
{[%emt 00:00:23]} Qxd1+ {[%clk 01:13:41]} {[%emt 00:00:18]} 8. Rxd1 {[%clk
01:11:29]} {[%emt 00:00:15]} Nxe4 {[%clk 01:13:33]} {[%emt 00:00:38]} 9. Bxe5
{[%clk 01:11:28]} {[%emt 00:00:30]} O-O {[%clk 01:13:42]} {[%emt 00:00:22]} 10.
Bxc7 {[%clk 01:11:33]} {[%emt 00:00:25]} Re8 {[%clk 01:13:29]} {[%emt
00:00:41]} 11. Be2 {[%clk 01:11:00]} {[%emt 00:01:04]} Bg4 {[%clk 01:11:40]}
{[%emt 00:02:19]} 12. O-O {[%clk 01:09:45]} {[%emt 00:01:46]} h6 {[%clk
01:08:04]} {[%emt 00:04:06]} 13. h3 {[%clk 01:08:30]} {[%emt 00:01:45]} Bh5
{[%clk 01:05:14]} {[%emt 00:03:18]} 14. Rfe1 {[%clk 01:05:58]} {[%emt
00:03:04]} Nc6 {[%clk 01:02:59]} {[%emt 00:02:44]} 15. g4 {[%clk 01:02:17]}
{[%emt 00:04:10]} Bg6 {[%clk 01:02:20]} {[%emt 00:01:09]} 16. Bb5 {[%clk
01:01:30]} {[%emt 00:01:18]} a6 {[%clk 00:59:59]} {[%emt 00:02:51]} 17. Ba4
{[%clk 01:01:32]} {[%emt 00:00:28]} b5 {[%clk 00:59:47]} {[%emt 00:00:41]} 18.
Bb3 {[%clk 01:01:50]} {[%emt 00:00:12]} Rac8 {[%clk 00:57:51]} {[%emt
00:02:26]} 19. Bf4 {[%clk 00:59:06]} {[%emt 00:03:13]} Nf6 {[%clk 00:49:23]}
{[%emt 00:08:59]} 20. Nh4 {[%clk 00:57:29]} {[%emt 00:02:05]} Rxe1+ {[%clk
00:48:24]} {[%emt 00:01:31]} 21. Rxe1 {[%clk 00:55:23]} {[%emt 00:02:37]} a5
{[%clk 00:43:47]} {[%emt 00:05:07]} 22. a3 {[%clk 00:53:01]} {[%emt 00:02:52]}
Kh8 {[%clk 00:43:30]} {[%emt 00:00:47]} 23. Nxg6+ {[%clk 00:51:01]} {[%emt
00:02:27]} fxg6 {[%clk 00:43:41]} {[%emt 00:00:21]} 24. Bf7 {[%clk 00:50:52]}
{[%emt 00:00:37]} g5 {[%clk 00:43:43]} {[%emt 00:00:30]} 25. Bg3 {[%clk
00:49:47]} {[%emt 00:01:35]} Rf8 {[%clk 00:43:29]} {[%emt 00:00:45]} 26. Bg6
{[%clk 00:49:50]} {[%emt 00:00:26]} Nd4 {[%clk 00:43:04]} {[%emt 00:00:56]} 27.
Kg2 {[%clk 00:49:16]} {[%emt 00:01:04]} Rc8 {[%clk 00:42:38]} {[%emt 00:00:56]}
28. c3 {[%clk 00:48:38]} {[%emt 00:01:09]} Nb3 {[%clk 00:41:51]} {[%emt
00:01:16]} 29. Re7 {[%clk 00:45:41]} {[%emt 00:03:27]} Rd8 {[%clk 00:34:05]}
{[%emt 00:08:16]} 30. Be5 {[%clk 00:44:37]} {[%emt 00:01:33]} Kg8 {[%clk
00:32:38]} {[%emt 00:01:58]} 31. Rf7 {[%clk 00:42:54]} {[%emt 00:02:13]} Nd5
{[%emt 00:03:08]} 32. Rxg7+ {[%clk 00:42:20]} Kf8 {[%clk 00:31:00]} {[%emt
00:00:34]} 33. Rf7+ {[%clk 00:41:20]} {[%emt 00:01:31]} Kg8 {[%clk 00:29:49]}
{[%emt 00:01:41]} 34. Kg3 {[%clk 00:35:07]} {[%emt 00:06:42]} Rf8 {[%clk
00:26:43]} {[%emt 00:03:36]} 35. Rg7+ {[%clk 00:34:30]} {[%emt 00:01:04]} Kh8
{[%clk 00:26:52]} {[%emt 00:00:23]} 36. Rd7+ {[%clk 00:34:26]} {[%emt
00:00:31]} Nf6 {[%clk 00:26:54]} {[%emt 00:00:31]} 37. Rb7 {[%clk 00:29:27]}
{[%emt 00:05:29]} Kg8 {[%clk 00:26:25]} {[%emt 00:00:58]} 38. Rxb5 {[%clk
00:27:46]} {[%emt 00:02:12]} Nd2 {[%clk 00:26:09]} {[%emt 00:00:45]} 39. Rxa5
{[%clk 00:27:16]} {[%emt 00:01:01]} Nfe4+ {[%clk 00:26:19]} {[%emt 00:00:20]}
40. Bxe4 {[%clk 00:27:13]} {[%emt 00:00:33]} Nxe4+ {[%clk 00:26:37]} {[%emt
00:00:14]} 41. Kg2 {[%clk 00:27:16]} {[%emt 00:00:25]} Rxf2+ {[%clk 00:26:43]}
{[%emt 00:00:22]} 42. Kg1 {[%clk 00:27:29]} {[%emt 00:00:19]} Rxb2 {[%clk
00:26:27]} {[%emt 00:00:45]} 43. c4 {[%clk 00:25:21]} {[%emt 00:02:39]} Rc2
{[%clk 00:26:14]} {[%emt 00:00:37]} 44. Ra8+ {[%clk 00:24:37]} {[%emt
00:01:20]} Kf7 {[%clk 00:26:04]} {[%emt 00:00:40]} 45. Rc8 {[%clk 00:21:50]}
{[%emt 00:03:17]} Ke6 {[%clk 00:25:30]} {[%emt 00:01:03]} 46. Bg7 {[%clk
00:21:24]} {[%emt 00:00:56]} Nd6 {[%clk 00:25:36]} {[%emt 00:00:25]} 47. Rh8
{[%clk 00:18:54]} {[%emt 00:03:00]} Nxc4 {[%clk 00:25:25]} {[%emt 00:00:41]}
48. Rxh6+ {[%clk 00:18:49]} {[%emt 00:00:34]} Kd5 {[%clk 00:26:21]} {[%emt
00:00:37]} 49. h4 {[%clk 00:19:23]} {[%emt 00:00:53]} gxh4 {[%clk 00:26:31]}
{[%emt 00:00:20]} 50. Rxh4 {[%clk 00:19:44]} {[%emt 00:00:10]} Ke4 {[%clk
00:26:42]} {[%emt 00:00:19]} 51. Rh3 {[%clk 00:19:26]} {[%emt 00:00:47]} Kf4
{[%clk 00:26:51]} 1/2-1/2

[Event "DEM U10w 2023"]
[Site "Willingen GER"]
[Date "2023.05.29"]
[Round "4"]
[White "Kryvak, Mariia"]
[Black "Bräutigam, Viktoria"]
[Result "1-0"]
[Termination "normal"]
[Board "18"]
[WhiteElo "1083"]
[BlackElo "770"]
[WhiteClock "01:24:40"]
[BlackClock "00:45:44"]
[PlyCount "93"]
[WhiteFideId "34164413"]
[BlackFideId "34638652"]
[EventCountry "GER"]
[EventRounds "11"]
[EventType "swiss"]
[EventDate "2023.05.27"]

1. e4 {[%clk 01:16:00]} e5 {[%clk 01:15:58]} {[%emt 00:00:03]} 2. Nf3 {[%clk
01:16:24]} {[%emt 00:00:05]} Nc6 {[%clk 01:16:12]} {[%emt 00:00:16]} 3. Bc4
{[%clk 01:16:47]} {[%emt 00:00:07]} Bc5 {[%clk 01:16:26]} {[%emt 00:00:15]} 4.
d3 {[%clk 01:17:08]} {[%emt 00:00:10]} Nf6 {[%clk 01:15:55]} {[%emt 00:01:00]}
5. O-O {[%clk 01:17:20]} {[%emt 00:00:18]} O-O {[%clk 01:15:56]} {[%emt
00:00:28]} 6. Bd2 {[%clk 01:17:39]} {[%emt 00:00:12]} d5 {[%clk 01:14:16]}
{[%emt 00:02:10]} 7. exd5 {[%clk 01:17:35]} {[%emt 00:00:34]} Nxd5 {[%emt
00:00:14]} 8. Bg5 {[%emt 00:00:26]} Qd6 {[%clk 01:12:50]} {[%emt 00:01:16]} 9.
Bd2 {[%clk 01:17:25]} {[%emt 00:00:41]} Be6 {[%clk 01:12:46]} {[%emt 00:00:34]}
10. Bb3 {[%clk 01:17:30]} {[%emt 00:00:25]} Bb4 {[%clk 01:11:40]} {[%emt
00:01:36]} 11. Ng5 {[%clk 01:17:29]} {[%emt 00:00:30]} Bf5 {[%clk 01:10:41]}
{[%emt 00:01:28]} 12. Ne4 {[%clk 01:17:44]} {[%emt 00:00:15]} Qd7 {[%clk
01:09:31]} {[%emt 00:01:42]} 13. Bxb4 {[%clk 01:17:37]} {[%emt 00:00:38]} Ndxb4
{[%clk 01:09:12]} {[%emt 00:00:47]} 14. Nc5 {[%clk 01:17:41]} {[%emt 00:00:27]}
Qd4 {[%clk 01:05:15]} {[%emt 00:04:24]} 15. Ne4 {[%clk 01:16:53]} {[%emt
00:01:21]} Qxb2 {[%clk 01:03:10]} {[%emt 00:02:31]} 16. Nbc3 {[%clk 01:16:51]}
{[%emt 00:00:36]} Na5 {[%clk 01:01:51]} {[%emt 00:01:50]} 17. Rb1 {[%clk
01:16:55]} {[%emt 00:00:27]} Qa3 {[%clk 01:01:06]} {[%emt 00:01:14]} 18. Nb5
{[%clk 01:17:03]} {[%emt 00:00:23]} Bg4 {[%clk 00:58:03]} {[%emt 00:03:32]} 19.
Qxg4 {[%emt 00:07:17]} Qxb3 {[%clk 00:51:52]} 20. cxb3 {[%clk 01:16:19]} {[%emt
00:01:07]} c6 {[%clk 00:51:07]} {[%emt 00:01:16]} 21. Nbc3 {[%clk 01:16:34]}
{[%emt 00:00:15]} b5 {[%clk 00:50:28]} {[%emt 00:01:09]} 22. Nf6+ {[%clk
01:16:50]} {[%emt 00:00:15]} Kh8 {[%clk 00:49:27]} {[%emt 00:01:57]} 23. Qxb4
{[%clk 01:17:04]} {[%emt 00:00:19]} Nb7 {[%clk 00:49:45]} {[%emt 00:00:40]} 24.
Nd7 {[%clk 01:17:23]} {[%emt 00:00:12]} Rfe8 {[%clk 00:49:05]} {[%emt
00:01:10]} 25. Nc5 {[%clk 01:17:39]} {[%emt 00:00:15]} a5 {[%clk 00:49:08]}
{[%emt 00:00:27]} 26. Qe4 {[%clk 01:16:59]} {[%emt 00:01:05]} Nxc5 {[%clk
00:48:48]} {[%emt 00:00:52]} 27. Qxc6 {[%clk 01:17:19]} {[%emt 00:00:12]} Rac8
{[%clk 00:48:34]} {[%emt 00:00:43]} 28. Qxb5 {[%clk 01:17:34]} {[%emt
00:00:16]} e4 {[%clk 00:47:38]} {[%emt 00:01:26]} 29. dxe4 {[%clk 01:17:45]}
{[%emt 00:00:19]} Nxe4 {[%clk 00:47:53]} {[%emt 00:00:14]} 30. Nxe4 {[%clk
01:18:02]} {[%emt 00:00:14]} Rxe4 {[%clk 00:47:40]} {[%emt 00:00:41]} 31. Qb7
{[%clk 01:18:30]} {[%emt 00:00:04]} Rce8 {[%clk 00:47:33]} {[%emt 00:00:38]}
32. Qxf7 {[%clk 01:18:44]} {[%emt 00:00:16]} Rg8 {[%clk 00:47:33]} {[%emt
00:00:29]} 33. Rfe1 {[%clk 01:19:01]} {[%emt 00:00:14]} Rxe1+ {[%clk 00:47:28]}
{[%emt 00:00:33]} 34. Rxe1 {[%clk 01:19:25]} {[%emt 00:00:08]} h6 {[%clk
00:47:28]} {[%emt 00:00:28]} 35. Re8 {[%clk 01:19:52]} {[%emt 00:00:05]} Rxe8
{[%clk 00:46:47]} {[%emt 00:01:10]} 36. Qxe8+ {[%clk 01:20:13]} {[%emt
00:00:11]} Kh7 {[%clk 00:46:54]} {[%emt 00:00:21]} 37. Qa8 {[%clk 01:20:41]}
{[%emt 00:00:04]} Kg6 {[%clk 00:46:09]} {[%emt 00:01:13]} 38. Qxa5 {[%clk
01:21:05]} {[%emt 00:00:07]} h5 {[%clk 00:45:56]} {[%emt 00:00:42]} 39. a4
{[%clk 01:21:29]} {[%emt 00:00:07]} Kh6 {[%clk 00:45:52]} {[%emt 00:00:34]} 40.
b4 {[%clk 01:21:53]} {[%emt 00:00:07]} g6 {[%clk 00:45:42]} {[%emt 00:00:39]}
41. b5 {[%clk 01:22:18]} {[%emt 00:00:05]} Kh7 {[%clk 00:45:29]} {[%emt
00:00:42]} 42. b6 {[%clk 01:22:44]} {[%emt 00:00:06]} Kg7 {[%clk 00:45:27]}
{[%emt 00:00:31]} 43. b7 {[%clk 01:23:08]} {[%emt 00:00:06]} Kf6 {[%clk
00:45:19]} {[%emt 00:00:37]} 44. b8=Q {[%emt 00:00:09]} Ke6 {[%clk 00:45:09]}
{[%emt 00:00:38]} 45. Qbb6+ {[%clk 01:23:54]} {[%emt 00:00:08]} Ke7 {[%clk
00:45:23]} {[%emt 00:00:16]} 46. Qaa7+ {[%clk 01:24:18]} {[%emt 00:00:07]} Ke8
{[%clk 00:45:44]} {[%emt 00:00:07]} 47. Qbb8# {[%clk 01:24:40]} {[%emt
00:00:09]} 1-0

[Event "DEM U10w 2023"]
[Site "Willingen GER"]
[Date "2023.05.29"]
[Round "4"]
[White "Ebel, Io Cornelia"]
[Black "Buntin, Amelia Bernadette"]
[Result "0-1"]
[Termination "normal"]
[Board "19"]
[WhiteElo "768"]
[BlackElo "737"]
[WhiteClock "00:43:24"]
[BlackClock "00:51:35"]
[PlyCount "68"]
[BlackFideId "34649581"]
[EventCountry "GER"]
[EventRounds "11"]
[EventType "swiss"]
[EventDate "2023.05.27"]

1. e4 {[%clk 01:15:58]} {[%emt 00:00:02]} d6 {[%clk 01:15:49]} {[%emt
00:00:11]} 2. d4 {[%clk 01:16:19]} {[%emt 00:00:09]} Nd7 {[%clk 01:16:07]}
{[%emt 00:00:12]} 3. Nf3 {[%clk 01:16:34]} {[%emt 00:00:15]} e5 {[%clk
01:15:15]} {[%emt 00:01:22]} 4. dxe5 {[%clk 01:16:22]} {[%emt 00:00:41]} dxe5
{[%clk 01:13:48]} {[%emt 00:01:56]} 5. Nxe5 {[%clk 01:16:00]} {[%emt 00:00:53]}
Ngf6 {[%clk 01:12:57]} {[%emt 00:01:21]} 6. Nc3 {[%clk 01:15:25]} {[%emt
00:01:05]} Bd6 {[%clk 01:12:41]} {[%emt 00:00:47]} 7. Nc4 {[%clk 01:14:03]}
{[%emt 00:01:50]} Bb4 {[%clk 01:12:41]} {[%emt 00:00:32]} 8. a3 {[%clk
01:13:59]} {[%emt 00:00:34]} Bxc3+ {[%clk 01:12:08]} {[%emt 00:01:01]} 9. bxc3
{[%clk 01:14:16]} {[%emt 00:00:14]} Nxe4 {[%clk 01:12:21]} {[%emt 00:00:17]}
10. Qe2 {[%clk 01:12:54]} {[%emt 00:01:52]} Ndf6 {[%clk 01:11:35]} {[%emt
00:01:16]} 11. Nd2 {[%clk 01:09:27]} {[%emt 00:03:57]} O-O {[%clk 01:09:53]}
{[%emt 00:02:13]} 12. Nxe4 {[%clk 01:08:44]} {[%emt 00:01:12]} Nxe4 {[%clk
01:09:34]} {[%emt 00:00:48]} 13. Qxe4 {[%clk 01:08:42]} {[%emt 00:00:33]} Re8
{[%clk 01:09:11]} {[%emt 00:00:53]} 14. Bd3 {[%clk 01:06:24]} {[%emt 00:02:45]}
Rxe4+ {[%clk 01:09:21]} {[%emt 00:00:23]} 15. Bxe4 {[%clk 01:06:21]} {[%emt
00:00:34]} Qe7 {[%clk 01:08:18]} {[%emt 00:01:30]} 16. f3 {[%clk 01:04:57]}
{[%emt 00:01:57]} Qc5 {[%clk 01:03:23]} {[%emt 00:05:23]} 17. Bb2 {[%clk
01:01:43]} {[%emt 00:03:46]} Bf5 {[%clk 01:01:21]} {[%emt 00:02:28]} 18. Rd1
{[%emt 00:04:23]} Bxe4 {[%clk 01:00:24]} {[%emt 00:00:47]} 19. fxe4 {[%clk
00:58:06]} {[%emt 00:00:58]} Qb6 {[%clk 00:59:51]} {[%emt 00:01:02]} 20. Ba1
{[%clk 00:57:10]} {[%emt 00:01:23]} h6 {[%clk 00:59:06]} {[%emt 00:01:17]} 21.
h4 {[%clk 00:56:19]} {[%emt 00:01:22]} Re8 {[%clk 00:59:20]} {[%emt 00:00:17]}
22. Rd4 {[%clk 00:55:08]} {[%emt 00:01:38]} c5 {[%clk 00:59:07]} {[%emt
00:00:45]} 23. Rd7 {[%clk 00:54:47]} {[%emt 00:00:47]} Rxe4+ {[%clk 00:58:52]}
{[%emt 00:00:47]} 24. Kd2 {[%clk 00:53:36]} {[%emt 00:01:37]} c4 {[%clk
00:58:56]} {[%emt 00:00:31]} 25. Rd4 {[%clk 00:52:18]} {[%emt 00:01:48]} Re7
{[%clk 00:55:34]} {[%emt 00:03:52]} 26. Rxc4 {[%clk 00:51:42]} {[%emt
00:01:06]} Re6 {[%clk 00:53:27]} {[%emt 00:02:37]} 27. Rc8+ {[%clk 00:51:07]}
{[%emt 00:01:06]} Kh7 {[%clk 00:53:39]} {[%emt 00:00:17]} 28. Rh3 {[%clk
00:49:57]} {[%emt 00:01:34]} Qf2+ {[%clk 00:53:51]} {[%emt 00:00:24]} 29. Kd3
{[%clk 00:49:58]} {[%emt 00:00:27]} b5 {[%clk 00:52:51]} {[%emt 00:01:33]} 30.
c4 {[%clk 00:48:35]} {[%emt 00:01:53]} Qe1 {[%clk 00:52:47]} {[%emt 00:00:33]}
31. Bc3 {[%clk 00:47:03]} {[%emt 00:02:03]} Qf1+ {[%clk 00:51:51]} {[%emt
00:01:25]} 32. Kd4 {[%clk 00:43:44]} {[%emt 00:03:49]} Qxg2 {[%clk 00:51:27]}
{[%emt 00:00:47]} 33. Rd3 {[%clk 00:43:15]} {[%emt 00:01:06]} Qe4+ {[%clk
00:51:46]} {[%emt 00:00:12]} 34. Kc5 {[%clk 00:43:24]} {[%emt 00:00:21]} Qxc4#
{[%clk 00:51:35]} {[%emt 00:00:31]} 0-1